000 00966nam a2200241 i 4500
001 25685
003 ES-MaACL
005 20230906153320.0
007 t|
008 030102s1983 cl ||||1| spa d
100 1 _aGonzález Echenique, Javier.
_958611
245 1 0 _aArchivo Nacional /
_c[texto Javier González Echenique ; prólogo, Enrique Campos Menéndez].
250 _a1ª ed.
260 _aSantiago de Chile :
_bDirección de Bibliotecas, Archivos y Museos, Ministerio de Educación Pública,
_c1983.
300 _a143 p. :
_bprincipalmente il. ;
_c25 cm.
490 1 _aColección Chile y su cultura. Serie museos nacionales ;
_v5
500 _aPrecede al tít.: Archivo Nacional (Santiago de Chile)
700 1 _aCampos Menéndez, Enrique.
_934278
710 2 _aArchivo Nacional (Santiago de Chile)
_91469
830 0 _aColección Chile y su cultura. Serie museos nacionales ;
_v5
_9181467
852 _aES-MaACL
_jG-13328
999 _c25685
_d25685